00834nam a2200229 a 450000100060000000300080000600500170001400800410003103500190007204000280009104100080011908200240012710000180015124501010016926000500027030000260032049000880034650000190043465000240045370000390047783000880051651317BD-RjUL20211209075636.0160830s1954 gw 001 0 eng  a(BD-RjUL)51437 aDLCcCarPdBD-RjULbeng aeng 223bBYH 1954a515.81 aByrd, Paul F.10aHandbook of elliptic integrals for engineers and physicists /cPaul F Byrd and Morris D Friedman aNew York :bLange, Maxwell & Springer,cc1954 axii, 355 p. ;c24 cm. aDie Grundlehren der mathematischen Wissenschaften in Einzeldarstellungen,vBd. 67.  aInclude index. 0aElliptic functions.1 aFriedman, Morris D.ejoint author. 0aDie Grundlehren der mathematischen Wissenschaften in Einzeldarstellungen,vBd. 67.